00818nam a2200169 a 450000100100000000500170001000800410002704000250006808200290009324500240012226000690014630000250021550000720024095201860031295201330049899900170063100004558820201002052330.0150416s1982 dr 000 0 spa d aDO-SdBNPbspacBNPHU axxxxxxxxxxxbxxxxxxxxxxx00aPequeño universo. aSanto Domingo :bUniversidad Autónoma de Santo Domingo,c1982. aix, 139 p. ;c21 cm. aIncluye referencias bibliográficas y notas al pie de las página 0010718PDaPDbPDcHDd2015-04-16iLF1l0oxxxxxxxxxxx xxxxxxxxxxxp45588-10r2020-06-25w2020-06-25yLFPDzPerteneció a la biblioteca personal de Erick Landestoy.ZNo se presta 0010718PDaPDbPDcHDd2015-06-18iLF1l0oxxxxxxxxxxx xxxxxxxxxxxp45588-20r2020-06-25te. 2w2020-06-25yLFPDZNo se presta c45077d45077